Denzel Washington - Sudden Death - Statistics

General Stats
  • This quiz has been taken 464 times
  • The average score is 8 of 18
Answers on the Grid
Answers color-coded by a green-red scale on the quiz's grid according to % correct below.
John Q
Man on Fire
King of New York
Unforgiven
The Equalizer
Gladiator
Philadelphia
Ray
Glory
The Hunt for Red October
The Magnificent Seven
Constantine
The Patriot
American Gangster
Deja Vu
2 Guns
Varsity Blues
The Hurt Locker
The Pelican Brief
Safe House
Django Unchained
The Siege
The Bone Collector
Silverado
Training Day
Much Ado About Nothing
Flight
The Client
Unstoppable
Devil in a Blue Dress
 
Answer Stats
Answer % Correct
The Equalizer
80%
Man on Fire
73%
John Q
64%
Training Day
63%
American Gangster
55%
Philadelphia
54%
Flight
48%
Glory
47%
The Bone Collector
45%
The Pelican Brief
40%
Deja Vu
39%
The Magnificent Seven
37%
2 Guns
34%
Safe House
32%
Unstoppable
32%
The Siege
21%
Devil in a Blue Dress
19%
Much Ado About Nothing
18%
No matching quizzes found
Score Distribution
Percent of People with Each Score
Percentile by Number Answered
Your Score History
You have not taken this quiz